Responses for Show #8560 - Friday, January 21, 2022

Amy Schneider game 38.

Contestants

[<< previous game]

Koré Carey, an office manager from Avondale Estates, Georgia

Avinash Rajendra, a Ph.D. student from Milwaukee, Wisconsin

Amy Schneider, an engineering manager from Oakland, California (whose 37-day cash winnings total $1,253,200)

[next game >>]

Jeopardy! Round responses

LANDMARK OF THE CITY
WORD PAIRS
FICTIONAL PLANETS
NONSENSE
BALDERDASH
WHO "E"
    $200 21
(Ken: Yeah, that's the Korean War Veterans Memorial.)

Washington, D.C.

Koré
    $200 19
peaches & cream

Amy
    $200 9
Luke Skywalker

Amy
    $200 11
nursery rhymes

Koré
    $200 1
a bald eagle

Amy
    $200 26
Euclid

Amy
    $400 15
Copenhagen

Amy
    $400 20
brick & mortar

Avinash
    $400 10
(Ken: Yeah, the future Superman.)

Krypton

Koré
    $400 12
Detective

Amy
    $400 2
Fantasia

Avinash
    $400 27
Emerson

Avinash
    $600 4
London

Amy
    $600 22
by & large

Triple Stumper
    $600 16
the Coneheads

Amy
    $600 13
(Amy: What is a Heffalump?)

Woozles

Amy
Triple Stumper
    $600 6
mistletoe

Amy
    $600 29
(Chris) Evert

Amy
    $800 3
Selma

Avinash
    $800 23
down & out

Koré
    $800 17
She-Ra

Amy
    $800 14
(Amy: What is a scaffold?)

the gallows

AmyAvinash
    $800 7
Georgia

Koré
    $1,000 28
(Ken: Marx and [*], you got it.)

Engels

Avinash
    $1000 5
Istanbul

Amy
    $1000 24
rant & rave

Amy
    $1000 18
Caprica

Amy
    $1000 25
Edward Lear

Koré
    $1000 8
The Bald Soprano

Amy
    $1000 30
(Joycelyn) Elders

Amy

Scores at the first commercial break (after clue 15):

Amy Avinash Koré
$3,000 $2,000 $1,400

Scores at the end of the Jeopardy! Round:

Amy Avinash Koré
$8,400 $3,800 $3,400

Double Jeopardy! Round responses

EXPLORERS
THE PRODUCERS
PHILOSOPHIC & RELIGIOUS -ISMs
SYMPHONIES
SOME RANDOM ELEMENTS
WORDS FROM RUSSIAN
    $400 21
Greenland

Avinash
    $400 25
(Norman) Lear

Amy
    $400 20
the soul

Avinash
    $400 30
Beethoven's Fifth

Amy
    $400 13
silicon

Avinash
    $400 18
a sturgeon

Amy
    $800 1
(Robert) Peary

Amy
    $800 26
the Flash

Amy
    $800 9
monotheism

Amy
    $800 5
Georgia O'Keeffe

Amy
    $800 14
curium

Amy
    $800 19
(Avinash: What is the tundra?)

the forest

AvinashKoré
    $2,000 2
Verrazzano

Amy
    $1200 27
Goldwyn

Amy
    $1200 10
spiritualism

Amy
    $1200 6
the "Jupiter" Symphony

Triple Stumper
    $1200 15
thorium

Amy
    $1200 22
a gulag

Avinash
    $1600 3
Bering

Amy
    $1600 28
American Crime Story

Amy
    $4,000 11
deism

Amy
    $1600 7
"What A Friend We Have In Jesus"

Triple Stumper
    $1600 16
plutonium

Triple Stumper
    $1600 23
cosmonaut

Amy
    $2000 4
El Dorado

Amy
    $2000 29
(Ken: It's Ben [*] of Dear Evan Hansen fame.)

Platt

Triple Stumper
    $2000 12
skepticism

Amy
    $2000 8
the "Farewell" Symphony

Triple Stumper
    $2000 17
tantalum

Triple Stumper
    $2000 24
a dacha

Amy

Scores at the end of the Double Jeopardy! Round:

Amy Avinash Koré
$34,000 $5,400 $4,200
(lock game)

[wagering suggestions for these scores]

Final Jeopardy! Round responses

MOUNTAINS
(Ken: [To Amy] Yes, the traditional resting place of Noah's Ark.)
KoréWhat is the Matterhorn?
$4,000
AvinashWhat is Kilimanjaro?
$3,001
AmyWhat is Mount Ararat
$20,000
Mount Ararat

Final scores:

Amy Avinash Koré
$54,000 $2,399 $200
38-day champion: $1,307,200 2nd place: $2,000 3rd place: $1,000

Game dynamics:

Coryat scores:

Amy Avinash Koré
$30,800 $5,200 $4,200
35 R
(including 2 DDs),
2 W
10 R
(including 1 DD),
1 W
7 R,
0 W

Combined Coryat: $40,200

[game clues] [game scores] [suggest correction]

Game tape date: 2021-11-08
The J! Archive is created by fans, for fans. Scraping, republication, monetization, and malicious use prohibited; this site may use cookies and collect identifying information. See terms. The Jeopardy! game show and all elements thereof, including but not limited to copyright and trademark thereto, are the property of Jeopardy Productions, Inc. and are protected under law. This website is not affiliated with, sponsored by, or operated by Jeopardy Productions, Inc. Join the discussion at JBoard.tv.